000 00356nam a2200157Ia 4500
008 221030s9999 xx 000 0 und d
020 _a8120323610
041 _aEnglish
082 _a105.23
_bBel
100 _aD. A. Bell
245 0 _aElectric Circuits
_cby D. A. Bell
260 _bPHI
_aNew Delhi
_c2006
300 _a867
650 _aEE
942 _cBK
999 _c2691
_d2691